000 00788cam a2200265 i 4500
001 11025
003 BD-RjUL
005 20211208235046.0
008 140126s1980 nyua b 001 0 eng d
020 _a0195025563
020 _a0195025571 (pbk.)
035 _a(BD-RjUL)11074
040 _aDLC
_cDLC
_dDLC
_d(BD-RjUL)
_beng
041 _aeng
082 0 0 _a573.3
_bWEP 1980
100 1 _aWenke, Robert J.
_934069
245 1 0 _aPatterns in prehistory :
_bmankind's first three million years /
_cby Robert J. Wenke.
260 _aNew York :
_bOxford University Press,
_c1980.
300 _axii, 724 p. :
_bill. ;
_c24 cm.
504 _aIncludes bibliographies and index.
650 0 _aPrehistoric peoples.
_934070
942 _2ddc
_cBK
999 _c11025
_d11025